000 01222nam a2200385 c 4500
001 20026
003 ES-MaCES
005 20141221122635.0
008 070507s2007 sp t o000 | spa d
017 _aM 4284-2007
_bDL
024 7 _a007-07-010-5
_2nipo
035 _aCES20070005263m
040 _aES-MaCES
_bspa
_cES-MaCES
110 1 _aEspaña
_bConsejo de Estado
_92748
245 1 0 _aDoctrina legal 2004
_cConsejo de Estado
260 _aMadrid
_bConsejo de Estado
_bBoletín Oficial del Estado
_c2007
300 _aXVII, 584 p.
_c24 cm
_e1 CD-ROM
500 _aIndices
500 _aDisponible también en CD-ROM
541 _cGratuito
610 1 4 _aEspaña
_bConsejo de Estado
_92748
650 4 _adoctrina jurídica
_930888
650 4 _acompetencia legal
_929890
650 4 _adictamen
_930802
650 4 _a2004
_931739
650 4 _aCD ROM
_930331
653 1 0 _aDerecho
710 2 _aEspaña
_bConsejo de Estado
_eed.
_92748
710 2 _aBoletín Oficial del Estado (España)
_eed.
_91662
787 0 _tDoctrina legal 2006
_w(ES-MaCES)22141
787 0 _tDoctrina legal 2003
_w(ES-MaCES)19331
902 _aLIB Libro
942 _2CES
_cBK
_h6.0.
999 _c20026
_d20026